000 00307nam a22001337a 4500
008 171017b xxu||||| |||| 00| 0 eng d
020 _a2900132576146
041 _aeng
080 _27TH
_a331.101.262
100 _a52
101 _aBNJ
245 _aHUMAN REOSURCE MANAGEMENT
_cDESSLER,G
942 _2udc
_cBK
999 _c34342
_d34342